000 00910nam a2200289 a 4500
001 34148
003 BD-RjUL
005 20211209052119.0
008 140514s1984 ii b 001 0 eng
020 _a0706925777 :
035 _a(BD-RjUL)34242
040 _aDLC
_cDLC
_dDLC
_dBD-RjUL
_beng
041 _aeng
082 0 0 _a338.1095492
_219
_bAHA 1984
100 1 _aAhmad, Alia.
_9103796
245 1 0 _aAgricultural stagnation under population pressure :
_bthe case of Bangladesh /
_cAlia Ahmad.
260 _aNew Delhi :
_bVikas,
_cc1984.
300 _aviii, 249 p. ;
_c23 cm.
504 _aBibliography: p. [228]-246.
504 _aIncludes index.
650 0 _aRural population
_zBangladesh.
_9103797
650 0 _aAgriculture
_xEconomic aspects
_zBangladesh.
_98023
650 0 _aAgriculture and state
_zBangladesh.
_935056
942 _2ddc
_cBK
999 _c34148
_d34148